00392 2200145 4500001002100000005001500021035002000036245009000056100003400146300000800180260002400188082000800212084001400220990001200234INLIS00000000000205520250527092738 a0010-05250003471 a7 Kecerdasan Emosional Yang Dibutuhkan Oleh Anak Muda /cPam Galbraith, Rachael Hoyer0 aPam Galbraith, Rachael Hoyerf a293 bGospel Press,c2005 a155 a155 PAM t a0713217